000 00696nam a2200217 a 4500
999 _c2480
_d2480
001 2480
003 BD-JhCC
005 20171105174039.0
008 171102s1964 bg |||| ||a| 000 0 ben d
035 _a(BD-JhCC)2480
040 _aBD-JhCC
_dBD-JhCC
041 _aben
082 _a491.445
_bHAI 1964
100 _aহাই, মুহাম্মদ আবদুল
245 _aধ্বনি-বিজ্ঞান ও ধ্বনিতত্ত্ব /
_cমুহাম্মদ আবদুল হাই,
260 _aঢাকা :
_bবাঙলা একাডেমী,
_c1964
300 _a403 p. :
_c24 cm.
650 _aBengali Grammar
942 _2ddc
_cBK